[Event "FIDE Women's Grand Swiss"]
[Site "Samarkand UZB"]
[Date "2025.09.14"]
[Round "10.10"]
[White "Maltsevskaya, Aleksandra"]
[Black "Lu, Miaoyi"]
[Result "1/2-1/2"]
[WhiteTitle "IM"]
[BlackTitle "IM"]
[WhiteElo "2379"]
[BlackElo "2449"]
[WhiteFideId "24174041"]
[BlackFideId "8618020"]
[EventDate "2025.09.04"]

1. d4 Nf6 2. c4 e6 3. Nc3 Bb4 4. Nf3 b6 5. e3 O-O 6. Bd3 Bb7 7. O-O c5 8. Na4
cxd4 9. exd4 Re8 10. a3 Bf8 11. b4 d6 12. Nc3 Nbd7 13. Re1 e5 14. Bg5 h6 15.
Bxf6 Nxf6 16. dxe5 dxe5 17. Rxe5 Rxe5 18. Nxe5 a5 19. bxa5 Qb8 20. Ng4 Nxg4 21.
Qxg4 Rxa5 22. Nb5 Qe5 23. Rd1 Ra8 24. h3 Bc5 25. Qd7 Rb8 26. Qf5 Qxf5 27. Bxf5
g6 28. Bd7 Rd8 29. Kf1 h5 30. a4 Be4 31. Bg4 Re8 32. Bf3 Bc2 33. Rd7 Bxa4 34.
Bd5 Re7 35. Rxe7 Bxe7 36. Ke2 Bc5 37. f3 h4 38. Kd3 Kg7 39. Bc6 Kf6 40. Be8 g5
41. Nd6 Bxe8 42. Nxe8+ Ke5 43. Nc7 f5 44. Nb5 Kf4 45. Ke2 g4 46. fxg4 fxg4 47.
hxg4 Kxg4 48. Nc3 Kf4 49. Kf1 Ke5 50. Nb5 Ke4 51. Ke2 Bb4 52. Nc7 Bd6 53. Nb5
Be5 54. Na7 Bf6 55. Nc8 Bd4 56. Ne7 Be3 57. Ng6 Bg5 58. Nf8 Be7 59. Nd7 Bc5 60.
Kf1 Be3 61. Ke2 Bd4 62. Nf8 Be3 63. Ng6 Bg5 64. Nf8 Be7 65. Nd7 Bc5 66. Kf1 Ke3
67. Kg1 Bd4 68. Kh2 Kd3 69. Kh3 Kxc4 70. Nxb6+ Bxb6 71. Kxh4 1/2-1/2

[Event "FIDE Women's Grand Swiss"]
[Site "Samarkand UZB"]
[Date "2025.09.14"]
[Round "10.11"]
[White "Narva, Mai"]
[Black "Tsolakidou, Stavroula"]
[Result "1/2-1/2"]
[WhiteTitle "IM"]
[BlackTitle "IM"]
[WhiteElo "2386"]
[BlackElo "2445"]
[WhiteFideId "4500512"]
[BlackFideId "4264312"]
[EventDate "2025.09.04"]

1. e4 e5 2. Nf3 Nc6 3. Bb5 a6 4. Ba4 Nge7 5. O-O Ng6 6. c3 d5 7. exd5 Qxd5 8.
Bb3 Qd3 9. Bc2 Qd6 10. d4 Bg4 11. dxe5 Qxd1 12. Rxd1 Ngxe5 13. Re1 Bxf3 14. gxf3
O-O-O 15. Bf5+ Kb8 16. Kg2 Bd6 17. Nd2 Ng6 18. Bxg6 hxg6 19. h3 Ne5 20. Re3 g5
21. Ne4 Ng6 22. Rd3 Nh4+ 23. Kf1 Bf4 24. Rxd8+ Rxd8 25. Be3 f6 26. Ke2 Re8 27.
Rd1 f5 28. Nc5 Bd6 29. Kf1 f4 30. Bd4 Nxf3 31. Nb3 Rh8 32. Kg2 Nh4+ 33. Kf1 Nf5
34. Rd3 b6 35. c4 Be7 36. Bc3 Bf6 37. Nd2 Nd6 38. b4 Re8 39. Bxf6 gxf6 40. Rd4
Kb7 41. a3 Re5 42. Kg2 Re1 43. Kf3 Nf5 44. Rd3 Nh4+ 45. Kg4 Rg1+ 46. Kh5 Rd1 47.
Rd5 c6 48. Rd3 Kc7 49. c5 bxc5 50. bxc5 Nf3 51. Rxf3 Rxd2 52. h4 Rc2 53. Kg6
gxh4 54. Rxf4 Rxc5 55. Rxh4 Rc3 56. f4 Rxa3 57. Kxf6 a5 58. f5 a4 59. Rg4 Kb6
60. Kg5 Kb5 61. f6 Rf3 62. Rf4 Rxf4 63. Kxf4 a3 64. f7 a2 65. f8=Q a1=Q 66. Qb8+
Kc5 67. Qf8+ Kd5 68. Qd8+ Kc4 69. Qg8+ Kc5 70. Ke4 1/2-1/2

[Event "FIDE Women's Grand Swiss"]
[Site "Samarkand UZB"]
[Date "2025.09.14"]
[Round "10.12"]
[White "Garifullina, Leya"]
[Black "Efroimski, Marsel"]
[Result "1/2-1/2"]
[WhiteTitle "IM"]
[BlackTitle "IM"]
[WhiteElo "2477"]
[BlackElo "2377"]
[WhiteFideId "34127035"]
[BlackFideId "2810964"]
[EventDate "2025.09.04"]

1. e4 e6 2. d4 d5 3. Nc3 Nf6 4. e5 Nfd7 5. f4 c5 6. Nf3 Nc6 7. Be3 cxd4 8. Nxd4
Qb6 9. Qd2 Qxb2 10. Rb1 Qa3 11. Bb5 Nxd4 12. Bxd4 a6 13. Rb3 Qe7 14. Ba4 Qd8 15.
Bb6 Qh4+ 16. g3 Qg4 17. Ne4 Be7 18. Nd6+ Bxd6 19. exd6 O-O 20. O-O h5 21. c4
dxc4 22. Rbb1 h4 23. Qd1 Qxd1 24. Rfxd1 hxg3 25. hxg3 f5 26. Rdc1 Nxb6 27. Rxb6
Rd8 28. Rxc4 Bd7 29. Bxd7 Rxd7 30. Rc7 Rxc7 31. dxc7 Rc8 32. Rxb7 Kf7 33. Kf2
Ke7 34. Ra7 Kd7 35. Rxa6 1/2-1/2

[Event "FIDE Women's Grand Swiss"]
[Site "Samarkand UZB"]
[Date "2025.09.14"]
[Round "10.13"]
[White "Kaliakhmet, Elnaz"]
[Black "Injac, Teodora"]
[Result "1/2-1/2"]
[WhiteTitle "WIM"]
[BlackTitle "IM"]
[WhiteElo "2299"]
[BlackElo "2454"]
[WhiteFideId "13730169"]
[BlackFideId "932400"]
[EventDate "2025.09.04"]

1. d4 Nf6 2. c4 b6 3. Nf3 Bb7 4. g3 g6 5. Bg2 Bg7 6. O-O O-O 7. Nc3 Ne4 8. Nxe4
Bxe4 9. d5 e6 10. Nh4 Bxg2 11. Nxg2 exd5 12. cxd5 c5 13. Qc2 d6 14. e4 Re8 15.
Bd2 Nd7 16. a4 Ne5 17. f3 a6 18. Bc3 Ra7 19. b3 Rae7 20. Nf4 Qd7 21. Kg2 c4 22.
bxc4 Nxc4 23. Qd3 Bxc3 24. Qxc3 Rc8 25. Rfc1 Qe8 26. Qd4 Rec7 27. Nd3 Qd7 28.
Nf2 h5 29. Rc3 Rc5 30. f4 Na5 31. Raa3 Nc4 32. Ra1 Na5 33. Raa3 Nc4 1/2-1/2

[Event "FIDE Women's Grand Swiss"]
[Site "Samarkand UZB"]
[Date "2025.09.14"]
[Round "10.14"]
[White "Ushenina, Anna"]
[Black "Javakhishvili, Lela"]
[Result "1/2-1/2"]
[WhiteTitle "GM"]
[BlackTitle "IM"]
[WhiteElo "2409"]
[BlackElo "2434"]
[WhiteFideId "14110911"]
[BlackFideId "13601458"]
[EventDate "2025.09.04"]

1. d4 d5 2. c4 e6 3. Nc3 Nf6 4. Nf3 Nbd7 5. e3 a6 6. b3 b6 7. Bb2 Bb7 8. cxd5
exd5 9. g3 Bd6 10. Bg2 Qe7 11. O-O h5 12. Nh4 g6 13. Qd3 O-O-O 14. f3 Kb8 15. a3
Rhe8 16. Rfe1 c5 17. Re2 cxd4 18. exd4 Qf8 19. a4 Rxe2 20. Nxe2 Bb4 21. Bc1 Rc8
22. Bf4+ Bd6 23. Bd2 Bb4 24. Bf4+ Bd6 25. Bd2 Bb4 26. Bf4+ Bd6 27. Bd2 1/2-1/2

[Event "FIDE Women's Grand Swiss"]
[Site "Samarkand UZB"]
[Date "2025.09.14"]
[Round "10.15"]
[White "Shukhman, Anna"]
[Black "Omonova, Umida"]
[Result "1/2-1/2"]
[WhiteTitle "WGM"]
[BlackTitle "WIM"]
[WhiteElo "2420"]
[BlackElo "2252"]
[WhiteFideId "54180058"]
[BlackFideId "14210363"]
[EventDate "2025.09.04"]

1. e4 e5 2. Nf3 Nc6 3. Bb5 a6 4. Ba4 Nf6 5. O-O Be7 6. Re1 b5 7. Bb3 d6 8. c3
O-O 9. h3 Bb7 10. d4 Re8 11. Nbd2 h6 12. Nf1 Bf8 13. Ng3 Na5 14. Bc2 c5 15. d5
g6 16. b3 Bg7 17. Be3 Qc7 18. Nh2 Nd7 19. Qd2 Kh7 20. h4 Bc8 21. Rf1 Qd8 22. h5
g5 23. Nf5 Nf6 24. Nxg7 Kxg7 25. Qe2 Bd7 26. Bd2 Qc8 27. g3 Rg8 28. Kh1 Bh3 29.
Rg1 Ng4 30. f3 Nxh2 31. g4 Nf1 32. Be1 c4 33. Bd1 Kh7 34. Qb2 Nb7 35. Be2 Nc5
36. Bxf1 Bxf1 37. Rxf1 Nd3 38. Qe2 Qc7 39. Bd2 Rgb8 40. Be3 a5 41. Rab1 a4 42.
b4 1/2-1/2

[Event "FIDE Women's Grand Swiss"]
[Site "Samarkand UZB"]
[Date "2025.09.14"]
[Round "10.16"]
[White "Khamdamova, Afruza"]
[Black "Kamalidenova, Meruert"]
[Result "1/2-1/2"]
[WhiteTitle "WIM"]
[BlackTitle "IM"]
[WhiteElo "2409"]
[BlackElo "2349"]
[WhiteFideId "14210444"]
[BlackFideId "13712802"]
[EventDate "2025.09.04"]

1. e4 c5 2. Nf3 Nc6 3. d4 cxd4 4. Nxd4 Nf6 5. Nc3 e5 6. Ndb5 d6 7. Nd5 Nxd5 8.
exd5 Ne7 9. c4 Ng6 10. Qa4 Bd7 11. Qb4 Qb8 12. Be3 b6 13. g3 Be7 14. h4 h5 15.
Be2 a6 16. Nc3 b5 17. cxb5 axb5 18. O-O f5 19. Bxb5 O-O 20. Qb3 Bxb5 21. Qxb5
Qc8 22. Qc6 Qb8 23. Qb5 Qc8 24. Qc6 Qb8 25. Qb5 Qc8 1/2-1/2

[Event "FIDE Women's Grand Swiss"]
[Site "Samarkand UZB"]
[Date "2025.09.14"]
[Round "10.17"]
[White "Bulmaga, Irina"]
[Black "Zhai, Mo"]
[Result "0-1"]
[WhiteTitle "IM"]
[BlackTitle "WGM"]
[WhiteElo "2400"]
[BlackElo "2380"]
[WhiteFideId "13903063"]
[BlackFideId "8600201"]
[EventDate "2025.09.04"]

1. e4 e6 2. d4 d5 3. Nc3 dxe4 4. Nxe4 Nd7 5. Nf3 Ngf6 6. Bg5 h6 7. Nxf6+ Nxf6 8.
Be3 Bd7 9. Ne5 Ba4 10. a3 Bd6 11. b3 Bd7 12. c4 c5 13. Nxd7 Nxd7 14. dxc5 Bxc5
15. Bxc5 Nxc5 16. Qxd8+ Rxd8 17. b4 Nb3 18. Rd1 Ke7 19. h4 a5 20. Rh3 Nd4 21.
Rhd3 e5 22. f4 axb4 23. axb4 Nc2+ 24. Kf2 exf4 25. Kf3 Rxd3+ 26. Bxd3 Nxb4 27.
Be4 Rc8 28. Bxb7 Rxc4 29. h5 Kf6 30. Be4 Ke5 31. Bb7 Rc7 32. Re1+ Kf5 33. Be4+
Kg5 34. Rb1 Rc4 35. Ra1 f5 36. Bb7 Rc7 37. Ba8 Rc2 38. Rd1 Rc3+ 39. Ke2 Re3+ 40.
Kf1 Kxh5 41. Bf3+ Kg5 42. Rd7 g6 43. Be2 Nc6 44. Kf2 Ne5 45. Rd6 h5 46. Kf1 h4
47. Re6 Ng4 48. Ra6 h3 49. gxh3 Rxh3 50. Kg2 Rh2+ 51. Kf1 f3 0-1

[Event "FIDE Women's Grand Swiss"]
[Site "Samarkand UZB"]
[Date "2025.09.14"]
[Round "10.18"]
[White "Badelka, Olga"]
[Black "Mkrtchian, Lilit"]
[Result "1-0"]
[WhiteTitle "IM"]
[BlackTitle "IM"]
[WhiteElo "2375"]
[BlackElo "2393"]
[WhiteFideId "13509926"]
[BlackFideId "13300601"]
[EventDate "2025.09.04"]

1. c4 e6 2. Nc3 d5 3. d4 Nf6 4. cxd5 exd5 5. Bg5 Be7 6. e3 c6 7. Bd3 Nbd7 8. Nf3
h6 9. Bh4 O-O 10. Qc2 Re8 11. O-O Nh5 12. Bxe7 Qxe7 13. Rae1 Nhf6 14. a3 Nb6 15.
Ne5 c5 16. f4 Bd7 17. Qd1 Bc6 18. Rf2 Rad8 19. Rd2 Nc8 20. Bb1 cxd4 21. Rxd4 Nd6
22. b4 Qc7 23. h3 Nb5 24. Nxb5 Bxb5 25. a4 Bd7 26. b5 Be6 27. Qd2 Rc8 28. Qb4
Qc3 29. Qxc3 Rxc3 30. Kf2 Kf8 31. g4 g5 32. fxg5 hxg5 33. Nf3 a6 34. bxa6 bxa6
35. Nxg5 Bd7 36. Nh7+ Nxh7 37. Bxh7 Ra3 38. Bd3 Ra8 39. Rc1 Bxa4 40. Rxd5 Be8
41. h4 a5 42. h5 a4 43. h6 Kg8 44. Rg5+ Kh8 45. Be4 Rb8 46. Rc7 Ra2+ 47. Kf3 Rh2
48. h7 Rxh7 49. Bxh7 Kxh7 50. Rgc5 Rb6 51. Kf4 Ra6 52. Rg5 Rf6+ 53. Rf5 Ra6 54.
Rcc5 Kg7 55. Rg5+ Kf6 56. Rcf5+ Ke7 57. Ra5 Rf6+ 58. Rgf5 Re6 59. Rfe5 Bd7 60.
g5 Kd6 61. Ra6+ Ke7 62. Rexe6+ 1-0

[Event "FIDE Women's Grand Swiss"]
[Site "Samarkand UZB"]
[Date "2025.09.14"]
[Round "10.19"]
[White "Roebers, Eline"]
[Black "Karimova, Guldona"]
[Result "1-0"]
[WhiteTitle "IM"]
[BlackTitle "WIM"]
[WhiteElo "2377"]
[BlackElo "2324"]
[WhiteFideId "1058401"]
[BlackFideId "14210410"]
[EventDate "2025.09.04"]

1. e4 c5 2. Nf3 d6 3. d4 cxd4 4. Nxd4 Nf6 5. Nc3 Nc6 6. Bc4 e5 7. Nf3 Be7 8. Bg5
O-O 9. Bxf6 Bxf6 10. Nd5 Be6 11. c3 Rc8 12. a4 Kh8 13. Ba2 Bg5 14. O-O Bh6 15.
Qe2 Ne7 16. Rfd1 Ng6 17. Ne1 f5 18. g3 f4 19. Rd3 Bd7 20. Bb3 Qg5 21. Ng2 Bg4
22. f3 Be6 23. g4 Nh4 24. Qf2 Nxf3+ 25. Rxf3 Bxg4 26. Kh1 Qh5 27. Rd3 Bg5 28.
Rg1 f3 29. Nge3 Bh3 30. Rg3 Bd7 31. Bd1 Bh4 32. Rxf3 Bxf2 33. Rxf8+ Rxf8 34.
Bxh5 Bxa4 35. Kg2 Bh4 36. Bf3 g6 37. c4 Bd7 38. Nc3 Bg5 39. Nc2 Be6 40. b3 Be7
41. Nb5 a5 42. Ne3 Rd8 43. Bg4 Bf7 44. Nd5 Bf8 45. Ndc7 a4 46. Be6 Be8 47. bxa4
Bc6 48. Bd5 Rc8 49. Ne6 Be7 50. Rf3 Bxd5 51. cxd5 Kg8 52. Rc3 Rxc3 53. Nxc3 Kf7
54. Nc7 Bd8 55. N3b5 Ke7 56. Kg3 Kd7 57. Ne6 Be7 58. Na3 Kc8 59. Nc4 Kd7 60.
Nb6+ Ke8 61. Nc8 h6 62. Nxe7 Kxe7 63. Kg4 1-0

[Event "FIDE Women's Grand Swiss"]
[Site "Samarkand UZB"]
[Date "2025.09.14"]
[Round "10.20"]
[White "Gaal, Zsoka"]
[Black "Kiolbasa, Oliwia"]
[Result "1-0"]
[WhiteTitle "WGM"]
[BlackTitle "IM"]
[WhiteElo "2388"]
[BlackElo "2405"]
[WhiteFideId "777765"]
[BlackFideId "1154613"]
[EventDate "2025.09.04"]

1. d4 Nf6 2. c4 e6 3. Nc3 d5 4. Nf3 dxc4 5. e3 a6 6. a4 b6 7. Bxc4 Bb7 8. O-O
Nbd7 9. Qe2 Bb4 10. Bd3 Bxc3 11. bxc3 Ne4 12. Qc2 f5 13. Ba3 Kf7 14. Rad1 Re8
15. Bc4 Kg6 16. Ne1 h6 17. f3 Nd6 18. Bd3 Kh7 19. a5 b5 20. e4 g6 21. e5 Nc4 22.
Bxc4 bxc4 23. Qa4 Bd5 24. Nc2 f4 25. Bc1 Rf8 26. Na3 c5 27. Nxc4 cxd4 28. Rxd4
g5 29. Ba3 Rg8 30. Bd6 Rc8 31. Rb1 Kh8 32. Nb6 Nxb6 33. axb6 Bb7 34. Bc7 Qf8 35.
Qd7 Qf5 36. Rbd1 g4 37. Bd8 Rcxd8 38. Qxd8 Qxe5 39. Qh4 h5 40. Rd8 Qc5+ 41. Kh1 1-0

[Event "FIDE Women's Grand Swiss"]
[Site "Samarkand UZB"]
[Date "2025.09.14"]
[Round "10.21"]
[White "Salimova, Nurgyul"]
[Black "Beydullayeva, Govhar"]
[Result "1/2-1/2"]
[WhiteTitle "IM"]
[BlackTitle "WGM"]
[WhiteElo "2386"]
[BlackElo "2368"]
[WhiteFideId "2915138"]
[BlackFideId "13413015"]
[EventDate "2025.09.04"]

1. d4 Nf6 2. Bg5 d5 3. e3 c5 4. Bxf6 gxf6 5. dxc5 e6 6. Nf3 Bxc5 7. Be2 Nc6 8.
O-O f5 9. c4 d4 10. b4 Bxb4 11. exd4 Qf6 12. Qb3 O-O 13. Nc3 b6 14. Rad1 Be7 15.
d5 Na5 16. Qc2 Bb7 17. d6 Bd8 18. Nb5 Be4 19. Qc1 Qg7 20. Nc7 Bxc7 21. dxc7 Rac8
22. Qf4 f6 23. c5 bxc5 24. Qd6 Rfe8 25. Qxc5 Qxc7 26. Qxc7 Rxc7 27. Nd4 Ree7 28.
Rfe1 Bd5 29. a3 f4 30. Bg4 f5 31. Bh5 Nc4 32. h3 Nb6 33. a4 a5 34. Rb1 Nxa4 35.
Rb5 Nc3 36. Rxa5 Kg7 37. Ra6 Kf6 38. Bf3 Be4 39. Bxe4 fxe4 40. Ne2 Nxe2+ 41.
Rxe2 Kf5 42. Ra4 Rc1+ 43. Kh2 e5 44. Raxe4 h5 45. f3 h4 1/2-1/2

[Event "FIDE Women's Grand Swiss"]
[Site "Samarkand UZB"]
[Date "2025.09.14"]
[Round "10.22"]
[White "Vantika, Agrawal"]
[Black "Ouellet, Maili-Jade"]
[Result "1-0"]
[WhiteTitle "IM"]
[BlackTitle "WGM"]
[WhiteElo "2381"]
[BlackElo "2348"]
[WhiteFideId "25050389"]
[BlackFideId "2620472"]
[EventDate "2025.09.04"]

1. d4 Nf6 2. c4 e6 3. Nf3 d5 4. Nc3 Bb4 5. Qa4+ Nc6 6. e3 O-O 7. Bd2 dxc4 8.
Bxc4 Bd6 9. Ng5 a6 10. f4 Nb4 11. a3 b5 12. Bxb5 axb5 13. Qxa8 Nc2+ 14. Kf2 Ng4+
15. Ke2 Nxa1 16. Rxa1 e5 17. dxe5 Bxe5 18. Qe4 g6 19. h3 Bxc3 20. Bxc3 Re8 21.
Qd4 Qxd4 22. Bxd4 Nh6 23. Rc1 Nf5 24. Nf3 Re7 25. Be5 Ng3+ 26. Ke1 Bb7 27. Rd1
f6 28. Bxf6 Rxe3+ 29. Kf2 Nf5 30. Ne5 Rxe5 31. Bxe5 h5 32. Rd7 h4 33. Rxc7 Be4
34. b3 Kf8 35. a4 bxa4 36. bxa4 Ke8 37. a5 Kd8 38. a6 Bd3 39. a7 Be4 40. Rh7 1-0

[Event "FIDE Women's Grand Swiss"]
[Site "Samarkand UZB"]
[Date "2025.09.14"]
[Round "10.23"]
[White "Tokhirjonova, Gulrukhbegim"]
[Black "Khalilova, Madinabonu"]
[Result "1-0"]
[WhiteTitle "IM"]
[BlackTitle "WCM"]
[WhiteElo "2372"]
[BlackElo "2148"]
[WhiteFideId "14203626"]
[BlackFideId "14223422"]
[EventDate "2025.09.04"]

1. Nf3 Nf6 2. c4 c5 3. Nc3 d5 4. cxd5 Nxd5 5. e3 Nxc3 6. dxc3 Qc7 7. e4 Nc6 8.
Be3 e6 9. Nd2 Be7 10. Qg4 Bf6 11. f4 e5 12. f5 Qe7 13. Bb5 Bd7 14. Nb3 b6 15. a4
h5 16. Qe2 Bg5 17. O-O Bxe3+ 18. Qxe3 Rh6 19. a5 Rd8 20. axb6 axb6 21. Nd2 Kf8
22. Bc4 Na5 23. Bd5 Bc6 24. f6 Rxf6 25. Rxf6 gxf6 26. Qh6+ Ke8 27. c4 Rd6 28.
Qxh5 Qf8 29. Ra3 Ke7 30. Rg3 Rd8 31. b3 Bxd5 32. exd5 Qh8 33. Qe2 Qh4 34. Rd3
Nb7 35. Nf3 Qh6 36. Qd2 Qxd2 37. Rxd2 Ra8 38. g4 Nd6 39. Nh4 Ne4 40. Nf5+ Kd7
41. Re2 Ng5 42. Kg2 e4 43. h4 Nf3 44. Rxe4 Ne5 45. g5 Ra2+ 46. Kg3 Ra3 47. gxf6
Rxb3+ 48. Re3 1-0

[Event "FIDE Women's Grand Swiss"]
[Site "Samarkand UZB"]
[Date "2025.09.14"]
[Round "10.24"]
[White "Arabidze, Meri"]
[Black "Nassr, Lina"]
[Result "1-0"]
[WhiteTitle "IM"]
[BlackTitle "WIM"]
[WhiteElo "2444"]
[BlackElo "2060"]
[WhiteFideId "13604040"]
[BlackFideId "7908075"]
[EventDate "2025.09.04"]

1. d4 Nf6 2. c4 e6 3. Nc3 d5 4. cxd5 Nxd5 5. e4 Nxc3 6. bxc3 c5 7. Rb1 Be7 8.
Bc4 O-O 9. Ne2 Nd7 10. O-O Qc7 11. Bf4 e5 12. dxe5 Nxe5 13. Bd5 Bd6 14. Bxe5
Bxe5 15. f4 Bf6 16. e5 Be7 17. c4 Kh8 18. Nc3 Rb8 19. Rb3 a6 20. Qh5 Be6 21. a4
b6 22. Qe2 g6 23. Rfb1 Bf5 24. Be4 Bxe4 25. Qxe4 Rfd8 26. Nd5 Qd7 27. Qc2 Qa7
28. Rxb6 Rxb6 29. Nxb6 Rd4 30. Nd5 Bf8 31. h3 Bh6 32. f5 Bg5 33. e6 fxe6 34.
fxe6 Rd2 35. Qe4 Be7 36. Qe5+ Kg8 37. Rb8+ Bf8 38. Rxf8+ 1-0

[Event "FIDE Women's Grand Swiss"]
[Site "Samarkand UZB"]
[Date "2025.09.14"]
[Round "10.25"]
[White "Balabayeva, Xeniya"]
[Black "Kulon, Klaudia"]
[Result "1-0"]
[WhiteTitle "WGM"]
[BlackTitle "IM"]
[WhiteElo "2383"]
[BlackElo "2361"]
[WhiteFideId "13719688"]
[BlackFideId "1131044"]
[EventDate "2025.09.04"]

1. d4 d5 2. c4 e6 3. Nc3 Nf6 4. cxd5 Nxd5 5. e4 Nxc3 6. bxc3 c5 7. Nf3 cxd4 8.
cxd4 Bb4+ 9. Bd2 Bxd2+ 10. Qxd2 O-O 11. Bc4 Nd7 12. O-O b6 13. Rfe1 Bb7 14. Rad1
Nf6 15. Qf4 Rc8 16. Bb3 a5 17. d5 exd5 18. e5 Nd7 19. Bxd5 Bxd5 20. Rxd5 Qe7 21.
Rd6 Nc5 22. Nd4 Rfe8 23. Nf5 Qf8 24. h4 Ne6 25. Qg3 Rc2 26. h5 b5 27. Rd7 Kh8
28. h6 g6 29. Ne3 Rxa2 30. Qf3 f5 31. exf6 Nc5 32. Rc7 Qxh6 33. Rxc5 b4 34. f7
Rf8 35. Ng4 Qh4 36. Rc8 1-0

[Event "FIDE Women's Grand Swiss"]
[Site "Samarkand UZB"]
[Date "2025.09.14"]
[Round "10.26"]
[White "Gomez Barrera, Javiera Belen"]
[Black "Wafa, Shrook"]
[Result "1-0"]
[WhiteTitle "WIM"]
[BlackTitle "WGM"]
[WhiteElo "2169"]
[BlackElo "2202"]
[WhiteFideId "3418723"]
[BlackFideId "10609970"]
[EventDate "2025.09.04"]

1. e4 c5 2. Nf3 Nc6 3. Bb5 g6 4. Bxc6 bxc6 5. d4 Bg7 6. dxc5 Qa5+ 7. Nbd2 Ba6 8.
Rb1 Qxa2 9. b4 Bb5 10. Rb3 h6 11. e5 Rd8 12. Nd4 Bxe5 13. Nxb5 cxb5 14. O-O Qa6
15. Re1 d6 16. Rd3 Bf4 17. Bb2 Rh7 18. Ne4 f5 19. Nc3 Bg5 20. Nd5 Qa2 21. Bc3
Kf7 22. f4 e6 23. fxg5 exd5 24. Rxd5 hxg5 25. Rxd6 Re8 26. Rxe8 Kxe8 27. Rd8+
Kf7 28. Qd7+ Ne7 29. Qe8+ Ke6 30. Rd6# 1-0

[Event "FIDE Women's Grand Swiss"]
[Site "Samarkand UZB"]
[Date "2025.09.14"]
[Round "10.27"]
[White "Balajayeva, Khanim"]
[Black "Yip, Carissa"]
[Result "0-1"]
[WhiteTitle "IM"]
[BlackTitle "IM"]
[WhiteElo "2331"]
[BlackElo "2458"]
[WhiteFideId "13406396"]
[BlackFideId "2090732"]
[EventDate "2025.09.04"]

1. e4 c5 2. Nf3 d6 3. Nc3 Nf6 4. d4 cxd4 5. Qxd4 a6 6. Nd5 e6 7. Nxf6+ Qxf6 8.
Bg5 Qxd4 9. Nxd4 Bd7 10. O-O-O Nc6 11. Be2 Rc8 12. Nb3 b5 13. Rd2 h6 14. Be3 Ne5
15. c3 Bc6 16. f3 Be7 17. Rhd1 Ba8 18. Bf4 Nc4 19. Bxc4 bxc4 20. Na1 e5 21. Be3
g6 22. Nc2 f5 23. exf5 gxf5 24. Nb4 Rg8 25. Re2 Kf7 26. Nxa6 f4 27. Bg1 Rg6 28.
Nb4 Rcg8 29. Rdd2 e4 30. Ba7 exf3 31. gxf3 Bxf3 32. Re1 Bg2 33. Nd5 Bh4 34. Red1
Rg4 35. Bb6 Be4 36. Rd4 f3 37. Ne3 Bg5 38. Rxd6 Bd3 39. Rd7+ Ke6 40. R7xd3 cxd3
41. Rf1 Rb8 42. Ba7 Rb7 43. Bc5 f2 44. h4 Bf4 45. Kd2 Rg1 46. Kxd3 Bxe3 0-1

[Event "FIDE Women's Grand Swiss"]
[Site "Samarkand UZB"]
[Date "2025.09.15"]
[Round "11.1"]
[White "Tan, Zhongyi"]
[Black "Vaishali, Rameshbabu"]
[Result "1/2-1/2"]
[WhiteTitle "GM"]
[BlackTitle "GM"]
[WhiteElo "2531"]
[BlackElo "2452"]
[WhiteFideId "8603642"]
[BlackFideId "5091756"]
[EventDate "2025.09.04"]

1. c4 c5 2. Nf3 Nf6 3. g3 d5 4. cxd5 Nxd5 5. Bg2 Nc6 6. d4 cxd4 7. Nxd4 Ndb4 8.
Nb5 Bf5 9. O-O a6 10. N5a3 Qxd1 11. Rxd1 g6 12. Bd2 Rd8 13. Nc3 Bg7 14. Nc4 Bc2
15. Rdc1 b5 16. a3 bxc4 17. axb4 Nxb4 18. Nd5 Nxd5 19. Rxc2 O-O 20. Rxa6 e6 21.
e4 Nc7 22. Rb6 Rb8 23. Rxb8 Rxb8 24. Bc1 c3 25. bxc3 Nb5 26. Rb2 Ra8 27. Rxb5
Ra1 28. Rb8+ Bf8 29. Bf1 Rxc1 30. Rc8 Kg7 31. Kg2 Bb4 32. c4 Rc2 33. Kf3 Rc3+
34. Ke2 Rc1 35. Bh3 Rc2+ 36. Kf1 Rc1+ 37. Kg2 h5 38. Rc7 Kf8 39. f4 Rc2+ 40. Kg1
Bc3 41. Rc8+ Kg7 42. Rc7 Kf8 43. Rc8+ Kg7 1/2-1/2

[Event "FIDE Women's Grand Swiss"]
[Site "Samarkand UZB"]
[Date "2025.09.15"]
[Round "11.2"]
[White "Lagno, Kateryna"]
[Black "Fataliyeva, Ulviyya"]
[Result "1/2-1/2"]
[WhiteTitle "GM"]
[BlackTitle "IM"]
[WhiteElo "2505"]
[BlackElo "2385"]
[WhiteFideId "14109336"]
[BlackFideId "13403052"]
[EventDate "2025.09.04"]

1. d4 d5 2. c4 e6 3. Nf3 Nf6 4. Nc3 Be7 5. Bf4 O-O 6. e3 Nbd7 7. a3 c5 8. cxd5
Nxd5 9. Nxd5 exd5 10. dxc5 Nxc5 11. Be5 Bf5 12. Be2 Bf6 13. Bxf6 Qxf6 14. Nd4
Ne6 15. O-O Nxd4 16. Qxd4 Qxd4 17. exd4 Rac8 18. Rac1 Rxc1 19. Rxc1 Rc8 20.
Rxc8+ Bxc8 21. f3 f6 22. Kf2 Kf7 23. Ke3 Ke7 24. Bd3 h6 25. Bc2 g5 26. g3 Be6
27. Bd3 Bd7 28. Bc2 Be6 29. Bd3 Bd7 30. Bc2 Be6 1/2-1/2

[Event "FIDE Women's Grand Swiss"]
[Site "Samarkand UZB"]
[Date "2025.09.15"]
[Round "11.3"]
[White "Krush, Irina"]
[Black "Song, Yuxin"]
[Result "1/2-1/2"]
[WhiteTitle "GM"]
[BlackTitle "IM"]
[WhiteElo "2366"]
[BlackElo "2409"]
[WhiteFideId "2012782"]
[BlackFideId "8614300"]
[EventDate "2025.09.04"]

1. d4 Nf6 2. c4 b6 3. Nc3 Bb7 4. f3 d5 5. cxd5 Nxd5 6. e4 Nxc3 7. bxc3 e6 8. Be3
Be7 9. Bd3 O-O 10. Ne2 c5 11. O-O cxd4 12. cxd4 Nc6 13. Rc1 Rc8 14. Qd2 Qd6 15.
Rc3 Na5 16. Rfc1 Qd7 17. Qb2 Rxc3 18. Rxc3 Rc8 19. Kf2 Rxc3 20. Qxc3 Qc6 21. Bd2
Qxc3 22. Bxc3 Nc6 23. Bc4 Kf8 24. Nf4 Bb4 25. Bb2 Bd6 26. Nd3 Na5 27. Bb5 Bc6
28. Ba6 Bb7 29. Bb5 Bc6 30. Ba6 Bb7 31. Bb5 1/2-1/2

[Event "FIDE Women's Grand Swiss"]
[Site "Samarkand UZB"]
[Date "2025.09.15"]
[Round "11.4"]
[White "Assaubayeva, Bibisara"]
[Black "Muzychuk, Anna"]
[Result "1/2-1/2"]
[WhiteTitle "GM"]
[BlackTitle "GM"]
[WhiteElo "2505"]
[BlackElo "2535"]
[WhiteFideId "13708694"]
[BlackFideId "14111330"]
[EventDate "2025.09.04"]

1. e4 e5 2. Nf3 Nc6 3. Bc4 Bc5 4. c3 Nf6 5. d3 d6 6. b4 Bb6 7. a4 a5 8. b5 Ne7
9. Nbd2 O-O 10. O-O Bg4 11. h3 Bh5 12. Bb3 c6 13. Nc4 Bc7 14. Bg5 Nd7 15. d4 h6
16. Bh4 exd4 17. cxd4 g5 18. Bg3 d5 19. exd5 cxd5 20. Ne3 Nb6 21. Rc1 Rc8 22.
Bxc7 Rxc7 23. Ng4 Bxg4 24. hxg4 Ng6 25. Rc5 Nf4 26. g3 Ne6 27. Rxc7 Qxc7 28. Qd2
Nc4 29. Qd3 Ng7 30. Rc1 Qd7 31. Bc2 f5 32. Ne5 Qc7 33. Nxc4 Qxc4 34. Qxc4 dxc4
35. gxf5 Ne8 36. Be4 Nd6 37. Bd5+ Kg7 38. g4 b6 39. Kg2 Re8 40. Be6 Re7 41. Kf3
Rc7 42. Ke3 Kf6 43. Rh1 Kg7 44. f3 c3 45. Kd3 c2 46. Rc1 Kf6 47. Rxc2 Rxc2 48.
Kxc2 Ke7 49. Kd3 Ne8 50. Ke4 Kd6 51. Bc4 Nf6+ 52. Ke3 Ke7 53. d5 Kd6 54. Kd4 Nd7
55. Be2 Nf6 56. Bc4 Nd7 57. Ke4 1/2-1/2